Analýza mikromorfológie a mikroštruktúry laserom značených oceľových vrtákov : Diplomová práca

Gespeichert in:
Bibliographische Detailangaben
1. Verfasser: Galko, Vladislav (Verfasst von)
Weitere Verfasser: Bakalová , Petra (xxx)
Format: Manuskript Buch
Sprache:Slowakisch
Veröffentlicht: Trnava : STU v Bratislave MtF KMI, 2000
Schlagworte:
Tags: Tag hinzufügen
Keine Tags, Fügen Sie das erste Tag hinzu!

MARC

LEADER 00000ntm a22000003a 4500
001 stu85607
005 20160719154822.6
008 040405s2000----xo------------------slo-d
040 |a STU  |b slo 
041 0 |a slo 
044 |a xo 
100 1 |a Galko, Vladislav  |4 aut 
245 1 |a Analýza mikromorfológie a mikroštruktúry laserom značených oceľových vrtákov :  |b Diplomová práca 
260 |a Trnava :  |b STU v Bratislave MtF KMI,  |c 2000 
300 |a 86 s 
650 7 |a technológie strojárskej výroby  |2 stusub 
650 7 |a tepelné spracovanie  |2 stusub 
700 1 |a Bakalová , Petra  |4 xxx  |u M130  |U MTF Materiálovotechnologická fakulta  |T MTF Katedra materiálového inžinierstva  |U M130  |Y 481